| 000 | 01153nam a2200289 i 4500 | ||
|---|---|---|---|
| 001 | 000045951 | ||
| 003 | DO-SdBNP | ||
| 005 | 20250217091458.0 | ||
| 007 | ta | ||
| 008 | 150603s2002 dr a 000 0 spa d | ||
| 020 | _a9993490709 | ||
| 040 |
_aDO-SdBNP _bspa _cBNPHU _erda |
||
| 082 | 4 | _222 | |
| 100 |
_aJiménez Lambertus, Abelardo, _eautor _4aut. _921571 |
||
| 245 | 0 | 0 |
_aArte sacro colonial en Santo Domingo / _ctextos, Abelardo Jiménez Lambertus y José Chez Checo ; presentación, Olivetta Contreras de Puig ; prólogo, Nicolás de Jesús López Rodríguez. |
| 264 |
_aSanto Domingo : _bEditora Fundación de la Zona Colonial, _c2002. |
||
| 300 |
_a210 páginas : _bilustraciones ; _c31 cm. |
||
| 336 |
_atexto _btxt _2rdacontent |
||
| 337 |
_asin mediación _bn _2rdamedia |
||
| 338 |
_avolumen _bnc _2rdacarrier |
||
| 504 | _aBibliografía : páginas 209-210 | ||
| 590 | _aInventariado, 2024/BT | ||
| 700 | 1 |
_aChez Checo, José, _921571 _d1949- |
|
| 700 | 1 |
_a López Rodríguez, Nicolás de Jesús, _d1936- _eprologuista _4pr. _9670 |
|
| 710 | 2 |
_aFundación de la Zona Colonial Santo Domingo, República Dominicana _974023 |
|
| 942 |
_2ddc _cLBS1 |
||
| 999 |
_c45440 _d45440 |
||